|
|
|
|
| LEADER |
00913cam a2200229 7i4500 |
| 001 |
0000067351 |
| 005 |
20220323090000.0 |
| 020 |
|
|
|a 9783030107406 (electronic book)
|
| 020 |
|
|
|a 9783030107390
|
| 090 |
0 |
0 |
|a HD60
|b .R47 2019
|
| 245 |
0 |
0 |
|a Responsible people :
|b the role of the individual in CSR, entrepreneurship and management education
|c Francisca Farache [and three others].
|
| 264 |
|
|
|a Switzerland:
|b Palgrave Macmillan,
|c 2019.
|
| 300 |
|
|
|a 1 online resource (xix, 283 pages):
|b illustrations (some color), text file, PDF.
|
| 336 |
|
|
|a text
|2 rdacontent
|
| 337 |
|
|
|a computer
|2 rdamedia
|
| 338 |
|
|
|a online resource
|2 rdacarrier
|
| 650 |
0 |
0 |
|a Social responsibility of business
|
| 655 |
0 |
0 |
|a Electronic books
|
| 700 |
1 |
|
|a Farache, Francisca
|
| 856 |
4 |
2 |
|u http://library.unisel.edu.my/web/guest/mylibrary
|
| 997 |
|
|
|a Business & Accountancy, Faculty
|
| 999 |
|
|
|a EBO0011937
|b EBOOK
|c EBOOK
|e Electronic resources
|